<?xml version="1.0" encoding="UTF-8"?>
<marc:record xmlns:marc="http://www.loc.gov/MARC21/slim">
   <marc:leader>00000nam a2200000 a 4500</marc:leader>
   <marc:datafield ind1="1" ind2=" " tag="100">
      <marc:subfield code="a">Riordan, Rick</marc:subfield>
      <marc:subfield code="4">aut</marc:subfield>
      <marc:subfield code="e">Verfasser/-in</marc:subfield>
   </marc:datafield>
   <marc:datafield ind1="1" ind2=" " tag="100">
      <marc:subfield code="a">Haefs, Gabriele</marc:subfield>
      <marc:subfield code="4">trl</marc:subfield>
      <marc:subfield code="e">Übersetzer/-in</marc:subfield>
   </marc:datafield>
   <marc:datafield ind1=" " ind2=" " tag="653">
      <marc:subfield code="a">Götterwelt</marc:subfield>
   </marc:datafield>
   <marc:datafield ind1=" " ind2=" " tag="653">
      <marc:subfield code="a">Riesen</marc:subfield>
   </marc:datafield>
   <marc:datafield ind1=" " ind2=" " tag="653">
      <marc:subfield code="a">Trolle</marc:subfield>
   </marc:datafield>
   <marc:datafield ind1=" " ind2=" " tag="653">
      <marc:subfield code="a">Monster</marc:subfield>
   </marc:datafield>
   <marc:datafield ind1=" " ind2=" " tag="653">
      <marc:subfield code="a">nordische Götter</marc:subfield>
   </marc:datafield>
   <marc:datafield ind1="0" ind2="0" tag="245">
      <marc:subfield code="a">Das Schwert des Sommers</marc:subfield>
   </marc:datafield>
   <marc:datafield ind1="0" ind2="0" tag="245">
      <marc:subfield code="c">Rick Riordan. Gabriele Haefs</marc:subfield>
   </marc:datafield>
   <marc:datafield ind1=" " ind2="1" tag="264">
      <marc:subfield code="a">Hamburg</marc:subfield>
      <marc:subfield code="b">Carlsen</marc:subfield>
      <marc:subfield code="c">2016</marc:subfield>
   </marc:datafield>
   <marc:datafield ind1="1" ind2=" " tag="490">
      <marc:subfield code="a">Magnus Chase</marc:subfield>
   </marc:datafield>
   <marc:datafield ind1="1" ind2=" " tag="520">
      <marc:subfield code="a">Quelle: bn.bibliotheksnachrichten (http://www.biblio.at/literatur/bn/index.html); #Autor: Michaela Grames; #Spannender Fantasyroman aus der Welt der nordischen Götter. (ab 12) (JE)#Der 16-jährige Magnus lebt nach dem Tod seiner Mutter in Boston auf der Straße und muss sich, da er seinen Vater nie kennengelernt hat, alleine durchschlagen. Eines Tages taucht ein Feuerriese auf und liefert Magnus einen Kampf, den dieser nicht überlebt. Doch anstatt tatsächlich tot zu sein, landet der Junge in Walhalla, der Götterwelt für gefallene Helden, und erfährt, dass er der Sohn des Gottes Frey sein soll. Als wäre das nicht genug der Überraschung, soll er mithilfe eines magischen Schwerts den Weltuntergang verhindern. Mit tatkräftiger Unterstützung seiner Freunde - ein Zwerg, ein Albe und die geheimnisvolle Walküre Samirah - beginnt für Magnus ein gefährliches Abenteuer in einer Welt, in der es von Göttern, Halbgöttern, Trollen und anderen magischen Wesen nur so wimmelt.#Rick Riordan, der mit seiner "Percy Jackson"-Trilogie bekannt wurde, erzählt diesmal eine fantastische Geschichte aus der Welt der nordischen Mythologie. Wortgewaltig und spannungsgeladen jagt er seinen Helden von einem Abenteuer zum nächsten und erschafft eine farbenprächtige Fantasywelt voller bis ins Detail beschriebener Fabelwesen. Ein abenteuerlicher und zugleich humorvoller Roman, ideenreich und rasant erzählt. Wer Fantasy liebt, wird bei diesem Buch voll auf seine Kosten kommen und sich auf die Fortsetzung freuen.</marc:subfield>
   </marc:datafield>
   <marc:datafield ind1=" " ind2=" " tag="020">
      <marc:subfield code="a">9783551556684</marc:subfield>
      <marc:subfield code="9">9783551556684</marc:subfield>
   </marc:datafield>
   <marc:datafield ind1=" " ind2=" " tag="041">
      <marc:subfield code="a">ger</marc:subfield>
   </marc:datafield>
   <marc:datafield ind1=" " ind2=" " tag="300">
      <marc:subfield code="a">557 S.</marc:subfield>
   </marc:datafield>
</marc:record>
